000
00297nam a22001337a 4500
008
171009b xxu||||| |||| 00| 0 eng d
020
_a
2901429231991
041
_a
eng
080
_2
8TH
_a
159.9
100
_a
49
101
_a
PSI
245
_a
EXPLORING PSYCHOLOGY
_c
STRAUB,R.O
942
_2
udc
_c
BK
999
_c
32641
_d
32641